000 00615nam a2200181Ia 4500
008 151018s9999 xx 000 0 und d
082 _bRBASDV7326
_a891.463
100 _aनलिनी सह्स्त्रबुध्ये
245 _aफुलंगी
250 _b1
260 _bकुलकर्णी ग्रंथागार
_c1971
300 _a274
600 _aनलिनी सह्स्त्रबुध्ये
630 _aफुलंगी
700 _aनलिनी सह्स्त्रबुध्ये
730 _aफुलंगी
942 _cBOOK
999 _c1009695
_d1009692